| 000 | 004480000a22001810004500 | ||
|---|---|---|---|
| 003 | MACL | ||
| 005 | 20151023112844.0 | ||
| 008 | 151023b xxu||||| |||| 00| 0 eng d | ||
| 040 |
_aMACL _cMACL |
||
| 041 | _aEnglish | ||
| 082 | _a954 | ||
| 100 |
_aGupta, Parmeshwarilal _916361 |
||
| 245 | _aIndian Historical Map | ||
| 260 |
_bAll India Educational Supply Company _aDelhi |
||
| 350 | _a100 | ||
| 650 |
_aHistory _916362 |
||
| 942 |
_cBK _k954 _2ddc |
||
| 999 |
_c18491 _d18491 |
||